| 000 | | | 04938nac2a22003133x 450 |
| 001 | | | 44be4cfa-1ee6-4547-9765-6e0682292d2f |
| 005 | | | 20250116094052.0 |
| 100 | ## | $a | 20241113l1923 k y0rusy50 ca |
| 101 | 0# | $a | rus |
| 102 | ## | $a | RU |
| 105 | ## | $a | y z ||||| |
| 122 | 0# | $a | d19230628 |
| 200 | 1# | $a | Обращение Патриарха Московского и всея России Тихона к архипастырям, пастырям и пасомым Православной церкви Российской. Донской монастырь. 28 июня 1923 г., 1 с. |
| | $j | 28 июня 1923 |
| 215 | ## | $a | 1 лист |
| | $d | 40,3 х 26,5 |
| 251 | ## | $c | Дело |
| 300 | ## | $a | Типографский текст |
| 330 | ## | $a | Входит в раздел описи: Высшие органы церковного управления. Патриарх Всея Руси (патриаршество). Московская губерния. Поместные соборы |
| 461 | #0 | $1 | 001RuPRLIB520125045 |
| | $1 | 2001 |
| | $a | Коллекция листовок советского периода |
| | $1 | 251 |
| | $c | Фонд |
| | $1 | 852 |
| | $g | Р |
| | $j | 9550 |
| 462 | #0 | $1 | 001b1107d29-58ea-4aa2-a2d5-2a00fc89cfad |
| | $1 | 2001 |
| | $a | Листовки Русской православной церкви. 1918-1925 гг. |
| | $v | Д. 15в |
| | $1 | 251 |
| | $c | Опись |
| | $1 | 852 |
| | $j | 15 |
| 600 | #0 | $a | Тихон |
| | $c | Патриарх Московский и всея России |
| 601 | 02 | $3 | RU\NLR\AUTH\889926884 |
| | $a | Донской монастырь |
| | $c | Москва |
| 605 | ## | $3 | DITM\AF\0000003834 |
| | $a | Народ |
| | $l | коллекция |
| | $2 | acquisition_prlib |
| 605 | ## | $3 | DITM\AF\0000002775 |
| | $a | Власть |
| | $l | коллекция |
| | $2 | acquisition_prlib |
| 610 | 1# | $a | Архипастыри |
| | $a | Пастыри |
| | $a | Пасомые |
| | $a | Православная церковь |
| | $a | Патриарх |
| | $a | Монастырь |
| | $a | 28 июня 1923 г. |
| 686 | ## | $a | 63.3(2)622-37ю18 |
| | $c | История |
| | $2 | rubbk |
| 686 | ## | $a | 86.372.24ю18 |
| | $c | Религия |
| | $2 | rubbk |
| 801 | #0 | $a | RU |
| | $b | GA_RF |
| 801 | #1 | $a | RU |
| | $b | ГлавНИВЦ |
| | $c | 20241113 |
| | $2 | rusmarc |
| 801 | #2 | $a | RU |
| | $b | ПБ им. Б.Н. Ельцина |
| | $c | 20250116 |
| | $g | RCR |
| | $2 | rusmarc |
| 852 | ## | $a | ГА РФ |
| | $j | 15 |
| | $l | в |
| 937 | ## | $d | 195800983 |
| | $h | ГАРФ |
| 035 | ## | $a | RuPRLIB51077499 |
| 856 | ## | $u | http://readingroom.main.prlib.ru/item.aspx?id_node=n195800983&mode=full |